[Event "Global Chess League 2023"]
[Site "Dubai UAE"]
[Date "2023.06.22"]
[Round "1.1"]
[White "Aronian, Levon"]
[Black "Vachier-Lagrave, Maxime"]
[Result "1/2-1/2"]
[WhiteTitle "GM"]
[BlackTitle "GM"]
[WhiteElo "2742"]
[BlackElo "2747"]
[WhiteTeam "Triveni Continental Kings"]
[BlackTeam "Upgrad mumba masters"]
[WhiteFideId "13300474"]
[BlackFideId "623539"]
[EventDate "2023.06.22"]

1. d4 d5 2. c4 dxc4 3. e3 Nf6 4. Bxc4 e6 5. Nf3 a6 6. O-O c5 7. b3 cxd4 8. Nxd4
Be7 9. Bb2 O-O 10. Be2 b5 11. Nd2 Bb7 12. Bf3 Ra7 13. Rc1 Qd7 14. Qe2 Rc8 15.
Rxc8+ Bxc8 16. Ne4 Bb7 17. Nxf6+ Bxf6 18. Rd1 Qe8 19. Rc1 h6 20. h3 Qd8 21. Rd1
Bxf3 22. Nxf3 Rd7 23. Rc1 Bxb2 24. Qxb2 Rd1+ 25. Rxd1 Qxd1+ 26. Kh2 Nc6 27. Qa3
a5 28. Qc5 Qd5 29. Qxd5 exd5 30. Kg3 Kf8 31. Kf4 Nb4 32. Nd4 Nxa2 33. Nxb5 Nc1
34. Nd4 Nd3+ 35. Kg3 Ke7 36. Nc6+ Kd7 37. Nxa5 Kc7 38. b4 Nxb4 39. Kf3 Nd3 40.
Nb3 h5 41. Ke2 Ne5 42. Nd4 g6 43. f4 Nd7 44. Nf3 Kd6 45. Kd3 Nc5+ 46. Kc3 Ne6
47. g3 Nc5 48. g4 hxg4 49. hxg4 f6 50. Nh4 g5 51. Nf5+ Ke6 52. Ng3 gxf4 53. exf4
Ne4+ 54. Nxe4 dxe4 55. Kd4 f5 56. gxf5+ Kxf5 57. Ke3 Kf6 58. Kxe4 Ke6 59. f5+
Kf6 60. Kf4 Kf7 61. Ke5 Ke7 62. f6+ Kf7 63. Kf5 Kf8 64. Kg6 Kg8 65. f7+ Kf8 66.
Kf6 1/2-1/2

[Event "Global Chess League 2023"]
[Site "Dubai UAE"]
[Date "2023.06.22"]
[Round "1.2"]
[White "Yu, Yangyi"]
[Black "Grischuk, Alexander"]
[Result "0-1"]
[WhiteTitle "GM"]
[BlackTitle "GM"]
[WhiteElo "2734"]
[BlackElo "2736"]
[WhiteTeam "Triveni Continental Kings"]
[BlackTeam "Upgrad mumba masters"]
[WhiteFideId "8603820"]
[BlackFideId "4126025"]
[EventDate "2023.06.22"]

1. e4 e5 2. Nf3 Nc6 3. Bc4 Bc5 4. d3 Nf6 5. c3 d6 6. Bg5 h6 7. Bh4 a6 8. a4 Ba7
9. Nbd2 Ne7 10. Qb3 O-O 11. Bxf6 gxf6 12. d4 Ng6 13. O-O c6 14. Rfe1 Qe7 15. Qc2
Kh8 16. Nf1 Rg8 17. Kh1 Bg4 18. Ng1 Be6 19. Ne3 Rad8 20. Ne2 d5 21. exd5 cxd5
22. Ba2 e4 23. Qd2 Qf8 24. Ng3 Nh4 25. Qe2 Rg5 26. f4 exf3 27. gxf3 Bb8 28. Qf2
Qd6 29. Rf1 Ng6 30. Bb1 Rg8 31. Nef5 Qf4 32. Ne2 Qxh2+ 33. Qxh2 Bxh2 34. Kxh2
Bxf5 35. Bxf5 Rxf5 36. Ng3 Rg5 37. f4 Rg4 38. Nf5 Nxf4 39. Rg1 Rg2+ 40. Rxg2
Rxg2+ 41. Kh1 Rxb2 42. Nxh6 Kg7 43. Nf5+ Kg6 44. Ne7+ Kh5 45. Rg1 Ne2 46. Rg2
Rb1+ 47. Kh2 Nxc3 48. Nf5 b5 49. Ng7+ Kh6 50. Nf5+ Kh5 51. Ng7+ Kh6 52. Nf5+ Kh7
53. axb5 axb5 54. Rg7+ Kh8 55. Rxf7 b4 56. Rc7 Ne4 57. Ne7 Rd1 58. Nxd5 Rxd4 59.
Rc8+ Kg7 60. Rc7+ Kg6 61. Ne7+ Kg5 62. Rb7 Kg4 63. Nc6 Rd2+ 64. Kg1 Ng3 0-1

[Event "Global Chess League 2023"]
[Site "Dubai UAE"]
[Date "2023.06.22"]
[Round "1.4"]
[White "Lagno, Kateryna"]
[Black "Koneru, Humpy"]
[Result "1/2-1/2"]
[WhiteTitle "GM"]
[BlackTitle "GM"]
[WhiteElo "2552"]
[BlackElo "2567"]
[WhiteTeam "Triveni Continental Kings"]
[BlackTeam "Upgrad mumba masters"]
[WhiteFideId "14109336"]
[BlackFideId "5008123"]
[EventDate "2023.06.22"]

1. e4 e5 2. Nf3 Nf6 3. Nc3 Nc6 4. Bb5 Nd4 5. Bc4 Bc5 6. d3 d6 7. Na4 Nxf3+ 8.
gxf3 Be6 9. Nxc5 dxc5 10. Bxe6 fxe6 11. Rg1 Qe7 12. Be3 O-O 13. Qd2 Nd7 14. Rg3
Rf7 15. O-O-O b6 16. Rdg1 Kh8 17. Bg5 Qd6 18. h4 Raf8 19. Be3 Nf6 20. Rg5 Ne8
21. Qc3 Rxf3 22. Rxe5 R8f7 23. h5 h6 24. Bxh6 Rxf2 25. b3 Rf1+ 26. Rxf1 Rxf1+
27. Kb2 Qd4 28. Qxd4 cxd4 29. Rxe6 Nf6 30. Bg5 Nxh5 31. Rc6 Rf7 32. Bd8 Nf4 33.
Rxc7 Rf8 34. Be7 Ra8 35. Rd7 Ne2 36. Bg5 Kg8 37. b4 b5 38. Bd8 a6 39. e5 Rc8 40.
e6 Rc6 41. e7 Kf7 42. Rd5 Re6 43. Rf5+ Ke8 44. Rf8+ Kd7 45. Rf5 g6 46. Rd5+ Ke8
47. Kb3 Nc1+ 48. Kb2 Ne2 49. Kb3 Nc1+ 50. Kb2 Ne2 1/2-1/2

[Event "Global Chess League 2023"]
[Site "Dubai UAE"]
[Date "2023.06.22"]
[Round "1.5"]
[White "Dzagnidze, Nana"]
[Black "Dronavalli, Harika"]
[Result "1/2-1/2"]
[WhiteTitle "GM"]
[BlackTitle "GM"]
[WhiteElo "2510"]
[BlackElo "2510"]
[WhiteTeam "Triveni Continental Kings"]
[BlackTeam "Upgrad mumba masters"]
[WhiteFideId "13601903"]
[BlackFideId "5015197"]
[EventDate "2023.06.22"]

1. d4 d5 2. c4 e6 3. Nc3 c6 4. Nf3 Nf6 5. cxd5 exd5 6. Bg5 Be7 7. Qc2 g6 8. e3
Bf5 9. Bd3 Bxd3 10. Qxd3 Nbd7 11. O-O O-O 12. Nd2 Re8 13. Rab1 a6 14. h3 Nf8 15.
b4 Ne6 16. Bxf6 Bxf6 17. a4 Rc8 18. Nb3 Rc7 19. Nc5 Bg7 20. Rfc1 Bf8 21. Ne2 Bd6
22. Nxe6 Rxe6 23. b5 cxb5 24. axb5 a5 25. Qb3 Rxc1+ 26. Rxc1 Bb4 27. Nf4 Rd6 28.
Nd3 Rb6 29. Qa4 Qe7 30. Rc2 Kg7 31. Rc1 h5 32. Rc2 Kh7 33. Rc1 Kg7 34. Rc2 Kh7
35. Rb2 Bc3 36. Rb3 Bd2 37. Qa2 Bb4 38. Nxb4 axb4 39. Qa5 Qc7 40. Qxb4 Qc1+ 41.
Kh2 Qc7+ 42. f4 Re6 43. Qc5 Qd7 44. Ra3 b6 45. Qb4 Qe8 46. Qb3 Qe7 47. Qd3 Re4
48. Kg1 Kg7 49. Qb3 Re6 50. Kf1 Kh7 51. Ke2 Rf6 52. Ra8 Qe4 53. Kf2 g5 54. Qd1
Qg6 55. Qf3 gxf4 56. exf4 Qc2+ 57. Kg1 Qc1+ 58. Kh2 Qxf4+ 59. Qxf4 Rxf4 60. Rb8
Rxd4 61. Rxb6 Rb4 62. Kg3 Kg7 63. Kf3 h4 64. Ke3 Kf8 65. Kd3 Ke7 66. Kc3 Rc4+
67. Kd3 Rb4 68. Kc3 Rc4+ 69. Kd3 Rb4 1/2-1/2

[Event "Global Chess League 2023"]
[Site "Dubai UAE"]
[Date "2023.06.22"]
[Round "1.6"]
[White "Bjerre, Jonas Buhl"]
[Black "Sindarov, Javokhir"]
[Result "1/2-1/2"]
[WhiteTitle "GM"]
[BlackTitle "GM"]
[WhiteElo "2624"]
[BlackElo "2646"]
[WhiteTeam "Triveni Continental Kings"]
[BlackTeam "Upgrad mumba masters"]
[WhiteFideId "1444948"]
[BlackFideId "14205483"]
[EventDate "2023.06.22"]

1. e4 e5 2. Nf3 Nc6 3. Bb5 a6 4. Ba4 Nf6 5. O-O Bc5 6. c3 b5 7. Bb3 d6 8. a4 Bb7
9. d4 Bb6 10. Be3 O-O 11. Nbd2 Rb8 12. axb5 axb5 13. Qe2 exd4 14. cxd4 Na5 15.
Bc2 Nc4 16. Nxc4 bxc4 17. e5 Nd5 18. Bg5 f6 19. exf6 Nxf6 20. Qxc4+ Kh8 21. Qd3
g6 22. d5 Qd7 23. Bb3 Qg7 24. Rae1 Bc8 25. Qd2 Ng8 26. Be3 Ba6 27. Nd4 Bxd4 28.
Bxd4 Nf6 29. Qc3 Bxf1 30. Re6 Kg8 31. Kxf1 Qh6 32. Bxf6 Rf7 33. h4 Rbf8 34. f3
Qf4 35. Bg5 Qg3 36. Bd1 Qh2 37. Be2 Ra8 38. Kf2 Raf8 39. Qe3 Rf5 40. Re7 R5f7
41. Rxf7 Rxf7 42. Bb5 h6 43. Qe8+ Kg7 44. Bxh6+ Kxh6 45. Qxf7 Qxh4+ 46. Ke2 Qb4
47. Be8 Qxb2+ 48. Kf1 Qd2 1/2-1/2

[Event "Global Chess League 2023"]
[Site "Dubai UAE"]
[Date "2023.06.22"]
[Round "1.2"]
[White "Rapport, Richard"]
[Black "Mamedyarov, Shakhriyar"]
[Result "1/2-1/2"]
[WhiteTitle "GM"]
[BlackTitle "GM"]
[WhiteElo "2752"]
[BlackElo "2740"]
[WhiteTeam "Ganges grandmasters"]
[BlackTeam "Chingari Gulf Titans"]
[WhiteFideId "738590"]
[BlackFideId "13401319"]
[EventDate "2023.06.22"]

1. d4 d5 2. c4 e6 3. Nc3 Be7 4. Nf3 Nf6 5. Bg5 h6 6. Bh4 O-O 7. e3 b6 8. Bd3
dxc4 9. Bxc4 Bb7 10. O-O Nbd7 11. Qe2 Ne4 12. Nxe4 Bxh4 13. Nc3 Be7 14. Rfd1 c6
15. Rac1 Rc8 16. a3 Qc7 17. e4 Rfd8 18. Ba2 Qb8 19. h3 Nf8 20. Rd2 a5 21. Rb1
Qc7 22. Rc1 Qb8 23. Rb1 Qc7 24. Rc1 Qb8 25. Rb1 1/2-1/2

[Event "Global Chess League 2023"]
[Site "Dubai UAE"]
[Date "2023.06.22"]
[Round "1.4"]
[White "Hou, Yifan"]
[Black "Kosteniuk, Alexandra"]
[Result "1-0"]
[WhiteTitle "GM"]
[BlackTitle "GM"]
[WhiteElo "2628"]
[BlackElo "2523"]
[WhiteTeam "Ganges grandmasters"]
[BlackTeam "Chingari Gulf Titans"]
[WhiteFideId "8602980"]
[BlackFideId "4128125"]
[EventDate "2023.06.22"]

1. e4 e5 2. Nf3 Nc6 3. Bb5 a6 4. Ba4 Nf6 5. O-O Be7 6. Re1 b5 7. Bb3 O-O 8. h3
Bb7 9. d3 d5 10. exd5 Nxd5 11. Nc3 Nxc3 12. bxc3 Bf6 13. Nd2 Na5 14. Ba3 Be7 15.
Bxe7 Qxe7 16. d4 Qg5 17. Nf3 Bxf3 18. Qxf3 exd4 19. Bxf7+ Kh8 20. cxd4 Rad8 21.
Qc3 Rxf7 22. Qxa5 h6 23. Re2 Rxd4 24. Qxa6 Kh7 25. Rae1 Rf6 26. Qb7 Rc4 27. Rd1
Rg6 28. Kh2 c6 29. g3 Qc5 30. Rd8 Rf6 31. Rdd2 h5 32. Qd7 h4 33. Qd3+ Qf5 34. g4
Qxd3 35. Rxd3 b4 36. Kg2 Rcf4 37. a3 bxa3 38. Rxa3 Rf7 39. Ra5 g6 40. Rc5 R4f6
41. Rce5 Kg7 42. Re6 Rd7 43. Re7+ Rf7 44. Rxd7 Rxd7 45. Re6 c5 46. Re5 c4 47.
Rc5 Rd4 48. c3 Rf4 49. f3 Rf7 50. Rxc4 Ra7 51. g5 Ra2+ 52. Kg1 Rc2 53. Rc7+ Kg8
54. c4 Rc1+ 55. Kf2 Rc2+ 56. Ke3 Rh2 57. c5 Rxh3 58. c6 Rg3 59. Rd7 1-0

[Event "Global Chess League 2023"]
[Site "Dubai UAE"]
[Date "2023.06.22"]
[Round "1.5"]
[White "Khotenashvili, Bella"]
[Black "Shuvalova, Polina"]
[Result "1/2-1/2"]
[WhiteTitle "GM"]
[BlackTitle "IM"]
[WhiteElo "2470"]
[BlackElo "2496"]
[WhiteTeam "Ganges grandmasters"]
[BlackTeam "Chingari Gulf Titans"]
[WhiteFideId "13602640"]
[BlackFideId "24171760"]
[EventDate "2023.06.22"]

1. Nf3 d5 2. g3 Nd7 3. d4 Nb6 4. a4 a5 5. b3 Bf5 6. Ba3 Nf6 7. Nh4 Be4 8. f3 Bg6
9. Bg2 e6 10. Bxf8 Kxf8 11. Nc3 Bh5 12. Qd2 Ne8 13. f4 f5 14. Nf3 Bxf3 15. exf3
Nf6 16. O-O Qd6 17. Rfe1 Kf7 18. Re3 Rhe8 19. Nb5 Qd7 20. Rae1 c6 21. Nc3 Qd6
22. Nd1 Nbd7 23. Bf1 Re7 24. Nf2 c5 25. Bb5 cxd4 26. Qxd4 Qc5 27. c3 Qxd4 28.
cxd4 Rc8 29. Nd3 Nf8 30. Nc5 b6 31. Nd3 Rec7 32. Ne5+ Ke7 33. R1e2 Ne8 34. Bxe8
Kxe8 35. g4 g6 36. Kg2 Ke7 37. b4 fxg4 38. fxg4 axb4 39. Rb3 Rc2 40. Rf2 Rxf2+
41. Kxf2 Rc2+ 42. Ke3 Nd7 43. Rxb4 Rxh2 44. Nxd7 Kxd7 45. Rxb6 h5 46. gxh5 gxh5
47. a5 h4 48. Kf3 Ra2 49. Kg4 Rxa5 50. Rb4 Ra8 51. Kxh4 Rg8 52. Rb6 Ke7 53. Rb3
Kf6 54. Rg3 Rh8+ 55. Kg4 Rh1 56. Kf3 Rd1 57. Ke3 Re1+ 58. Kd3 Re4 59. Rg8 Rxf4
60. Rf8+ Kg5 61. Rg8+ Kf5 62. Rf8+ Kg4 63. Rg8+ Kf3 64. Rg6 Re4 65. Rf6+ Kg4 66.
Rf8 Kg5 67. Rg8+ Kf6 68. Rf8+ Ke7 69. Rh8 Rg4 70. Rh7+ Kd6 71. Ra7 Rg3+ 72. Kd2
Rb3 73. Ke2 Kc6 74. Re7 Kd6 75. Ra7 Rb6 76. Kd3 Kc6 77. Re7 Kb5 78. Re8 Kb4 79.
Rc8 Kb3 80. Ke3 Ra6 81. Kd3 Rb6 82. Ke3 Ka4 83. Kf4 Rb2 84. Ke3 Rb3+ 85. Kd2 Rb6
86. Kd3 Ka3 87. Kd2 Kb2 88. Rc7 Kb3 89. Kd3 Kb4 90. Rc8 Kb5 91. Re8 Ra6 92. Rb8+
Kc6 93. Rc8+ Kd7 94. Rb8 Ke7 95. Rh8 Ra3+ 96. Kd2 Rg3 97. Ke2 Kf6 98. Rf8+ Ke7
99. Rh8 Rg7 100. Ke3 Kf6 101. Rf8+ Rf7 102. Rg8 Kf5 103. Re8 Rh7 104. Rf8+ Kg6
105. Rg8+ Kf7 106. Ra8 Rh3+ 107. Ke2 Kf6 108. Rf8+ Kg5 109. Kd2 Rh4 110. Kd3 Rf4
111. Rg8+ Kf5 1/2-1/2

[Event "Global Chess League 2023"]
[Site "Dubai UAE"]
[Date "2023.06.22"]
[Round "1.6"]
[White "Esipenko, Andrey"]
[Black "Nihal, Sarin"]
[Result "1/2-1/2"]
[WhiteTitle "GM"]
[BlackTitle "GM"]
[WhiteElo "2682"]
[BlackElo "2681"]
[WhiteTeam "Ganges grandmasters"]
[BlackTeam "Chingari Gulf Titans"]
[WhiteFideId "24175439"]
[BlackFideId "25092340"]
[EventDate "2023.06.22"]

1. d4 Nf6 2. c4 e6 3. Nc3 Bb4 4. e3 d5 5. a3 Bxc3+ 6. bxc3 c6 7. a4 O-O 8. Ba3
Re8 9. Nf3 b6 10. cxd5 cxd5 11. Bb5 Bd7 12. Bd3 Nc6 13. O-O e5 14. dxe5 Nxe5 15.
Nxe5 Rxe5 16. Bb2 Rg5 17. f4 Rh5 18. c4 Rh6 19. Bxf6 Qxf6 20. Qf3 Qc3 21. Rfd1
Re8 22. cxd5 Qc5 23. Rac1 Qxe3+ 24. Qxe3 Rxe3 25. Rc7 Rd6 26. Rxa7 Kf8 27. Kf2
Re8 28. Rxd7 Rxd7 29. Bb5 Rc7 30. Bxe8 Kxe8 31. Rd4 Kd7 32. Rb4 Rc2+ 33. Kf3 Kc7
34. h4 f5 35. h5 Rc3+ 36. Kf2 Rc5 37. d6+ Kc6 38. Rd4 Kd7 39. Kg3 Rc2 40. Kh3
Ra2 41. g3 Rc2 42. Rd5 Rc5 43. Rd4 Rc6 44. Rd5 Rc5 45. Rd4 Rc6 46. Kh4 Rxd6 47.
Rb4 h6 48. g4 fxg4 49. Kxg4 Ke6 50. Rb5 Kf7 51. Kf5 Rd4 52. Rxb6 Rxa4 53. Rb7+ 1/2-1/2

[Event "Global Chess League 2023"]
[Site "Dubai UAE"]
[Date "2023.06.22"]
[Round "1.1"]
[White "Carlsen, Magnus"]
[Black "Nepomniachtchi, Ian"]
[Result "1/2-1/2"]
[WhiteTitle "GM"]
[BlackTitle "GM"]
[WhiteElo "2853"]
[BlackElo "2779"]
[WhiteTeam "SG Alpine Warriors"]
[BlackTeam "Balan Alaskan knights"]
[WhiteFideId "1503014"]
[BlackFideId "4168119"]
[EventDate "2023.06.22"]

1. e4 e5 2. Nf3 Nf6 3. Nxe5 d6 4. Nf3 Nxe4 5. Bd3 d5 6. Qe2 Be7 7. Bxe4 dxe4 8.
Qxe4 O-O 9. O-O c5 10. Nc3 Nc6 11. d3 Re8 12. Re1 Bd7 13. Bd2 Bf8 14. Qf4 h6 15.
Rxe8 Bxe8 16. Ne4 Nd4 17. Nxd4 cxd4 18. c4 dxc3 19. Bxc3 Qxd3 20. Qg4 Bc6 21.
Nf6+ Kh8 22. Nh5 Qg6 23. Qxg6 fxg6 24. Nf4 g5 25. Ne6 Kg8 26. h3 Re8 27. Nxf8
Kxf8 28. f3 Re2 29. Rd1 Kf7 30. Rd8 h5 31. Rd4 Rc2 32. a3 Ke6 33. Rd3 g6 34.
Re3+ Kf7 35. Kh2 g4 36. hxg4 hxg4 37. fxg4 g5 38. Re5 Kg6 39. Re6+ Kh7 40. Re7+
Kg6 41. Re6+ Kh7 42. Re7+ 1/2-1/2

[Event "Global Chess League 2023"]
[Site "Dubai UAE"]
[Date "2023.06.22"]
[Round "1.6"]
[White "Praggnanandhaa, R"]
[Black "Sadhwani, Raunak"]
[Result "1-0"]
[WhiteTitle "GM"]
[BlackTitle "GM"]
[WhiteElo "2690"]
[BlackElo "2603"]
[WhiteTeam "SG Alpine Warriors"]
[BlackTeam "Balan Alaskan knights"]
[WhiteFideId "25059530"]
[BlackFideId "35093487"]
[EventDate "2023.06.22"]

1. e4 e5 2. Nf3 Nc6 3. Bb5 Nf6 4. d3 Bc5 5. c3 O-O 6. O-O d5 7. Nbd2 Re8 8. exd5
a6 9. Bxc6 bxc6 10. Nb3 Qxd5 11. Nxc5 Qxc5 12. Bg5 Bg4 13. d4 exd4 14. Bxf6 gxf6
15. Qxd4 Qxd4 16. Nxd4 c5 17. Nb3 Re2 18. f3 Be6 19. Rf2 Rxf2 20. Kxf2 Rb8 21.
Nxc5 Rxb2+ 22. Kg3 Bc4 23. a4 Rc2 24. Rd1 Rxc3 25. Rd7 c6 26. Rd6 Kg7 27. Rxc6
Ra3 28. Nxa6 Rxa4 29. Nc7 Kg6 30. h4 h5 31. Ne8 Be6 32. Nc7 Bc4 33. Rb6 Ra2 34.
Ne8 Be6 35. Rb4 Rd2 36. Nc7 Rd7 37. Na6 Rd5 38. Re4 Re5 39. Rd4 Kg7 40. Nb4 Bf5
41. Nd5 Bg6 42. Nf4 Re7 43. Rd5 Re5 44. Rd7 Kh6 45. Nd5 Kg7 46. Nf4 Kh6 47. Kf2
Ra5 48. Rd6 Rf5 49. Nd5 Kg7 50. f4 Bh7 51. g3 Bg6 52. Ke3 Kf8 53. Rd8+ Kg7 54.
Kd4 Bh7 55. Kc4 Bg6 56. Kb4 Bh7 57. Ne7 Bg6 58. Rb8 Bh7 59. Rc8 Bg6 60. Rd8 Bh7
61. Ra8 Bg6 62. Nxf5+ Bxf5 63. Ra5 Kg6 64. Kc5 1-0

[Event "Global Chess League 2023"]
[Site "Dubai UAE"]
[Date "2023.06.23"]
[Round "2.1"]
[White "Vachier-Lagrave, Maxime"]
[Black "Nepomniachtchi, Ian"]
[Result "1/2-1/2"]
[WhiteTitle "GM"]
[BlackTitle "GM"]
[WhiteElo "2747"]
[BlackElo "2779"]
[WhiteTeam "Upgrad mumba masters"]
[BlackTeam "Balan Alaskan knights"]
[WhiteFideId "623539"]
[BlackFideId "4168119"]
[EventDate "2023.06.22"]

1. e4 e5 2. Nf3 Nf6 3. Nxe5 d6 4. Nf3 Nxe4 5. d4 d5 6. Bd3 Bd6 7. O-O O-O 8. c4
c6 9. Re1 Bf5 10. Qb3 Qd7 11. Be3 Re8 12. Nc3 dxc4 13. Bxc4 Nxc3 14. Qxc3 Na6
15. Ne5 Bxe5 16. dxe5 Nc7 17. Bc5 b6 18. Bd6 Nb5 19. Qg3 Rad8 20. h4 h6 21. h5
Nxd6 22. exd6 Be6 23. Bxe6 Rxe6 24. Rxe6 Qxe6 25. Rd1 c5 26. b3 b5 27. Qd3 c4
28. bxc4 bxc4 29. Qd4 c3 30. Qxc3 Rxd6 31. Rxd6 Qxd6 32. Qc8+ Kh7 33. Qf5+ Kg8
34. Qc8+ Kh7 1/2-1/2

[Event "Global Chess League 2023"]
[Site "Dubai UAE"]
[Date "2023.06.23"]
[Round "2.2"]
[White "Grischuk, Alexander"]
[Black "Abdusattorov, Nodirbek"]
[Result "0-1"]
[WhiteTitle "GM"]
[BlackTitle "GM"]
[WhiteElo "2736"]
[BlackElo "2732"]
[WhiteTeam "Upgrad mumba masters"]
[BlackTeam "Balan Alaskan knights"]
[WhiteFideId "4126025"]
[BlackFideId "14204118"]
[EventDate "2023.06.22"]

1. Nf3 d5 2. g3 Nf6 3. Bg2 e6 4. O-O c5 5. d3 Nc6 6. e4 dxe4 7. dxe4 Qxd1 8.
Rxd1 Nxe4 9. Na3 Be7 10. Be3 O-O 11. Nd2 Nxd2 12. Rxd2 e5 13. Nc4 Be6 14. Bxc6
bxc6 15. Nxe5 Rfc8 16. b3 Bf6 17. f4 Bxe5 18. fxe5 c4 19. Bc5 h5 20. Rd4 Rcb8
21. Rad1 a5 22. Kf2 Kh7 23. R1d2 a4 24. bxc4 a3 25. R4d3 Rb2 26. Rxa3 Rxa3 27.
Bxa3 Rxa2 28. Be7 Bxc4 29. Bg5 Kg6 30. h4 Kf5 31. Bf4 Ra3 32. Rd6 Ra6 33. Ke3
Bd5 34. Kd2 Ra4 35. Rd8 Kg4 36. Rg8 g6 37. Rd8 Ra3 38. Rd6 Ra4 39. Kd3 Kf3 40.
Kd2 Ra2 41. Kc3 Ra4 42. Kd2 Ke4 43. Rd8 Be6 44. Rd3 c5 45. Rc3 c4 46. Re3+ Kf5
47. Kc3 Ra1 48. Kd2 Kg4 49. Re4 Kh3 50. Re3 Rg1 51. c3 Bd5 52. Re1 Rxg3 53. Bxg3
Kxg3 54. Ke3 Kxh4 55. Kf2 Kg4 56. Kg1 Kf4 57. Kh2 g5 58. Kh3 Be6+ 59. Kh2 h4 0-1

[Event "Global Chess League 2023"]
[Site "Dubai UAE"]
[Date "2023.06.23"]
[Round "2.3"]
[White "Vidit, Santosh Gujrathi"]
[Black "Radjabov, Teimour"]
[Result "1/2-1/2"]
[WhiteTitle "GM"]
[BlackTitle "GM"]
[WhiteElo "2712"]
[BlackElo "2747"]
[WhiteTeam "Upgrad mumba masters"]
[BlackTeam "Balan Alaskan knights"]
[WhiteFideId "5029465"]
[BlackFideId "13400924"]
[EventDate "2023.06.22"]

1. e4 e5 2. Nf3 Nc6 3. Bb5 a6 4. Ba4 Nf6 5. O-O b5 6. Bb3 Bc5 7. c3 d6 8. d4 Bb6
9. Re1 Bg4 10. Bg5 Qd7 11. h3 Be6 12. d5 Bxh3 13. Nh2 Nxe4 14. Rxe4 Qf5 15. Qf3
Qxg5 16. dxc6 Bf5 17. Nd2 Bg6 18. Re2 O-O 19. Ne4 Qe7 20. g4 Kh8 21. Ng3 f5 22.
gxf5 Bxf5 23. Nxf5 Qg5+ 24. Qg4 Rxf5 25. Qxg5 Rxg5+ 26. Kh1 Rf8 27. f3 g6 28.
Bd5 Rf4 29. Re4 Rff5 30. Rg4 Rh5 31. Kg2 Rh6 32. Rg3 Rh4 33. Be6 Rf6 34. Bd5 Rf5
35. Rh3 Rhf4 36. Re1 Kg7 37. Re4 h5 38. Rg3 g5 39. Kh1 Kf6 40. Re2 Rh4 41. Kg2
Rff4 42. Rh3 Rxh3 43. Kxh3 Kg6 44. Re4 Rf8 45. a4 Bc5 46. b4 Ba7 47. axb5 axb5
48. Re2 Kf5 49. Kg2 Bb6 50. Nf1 g4 51. Ng3+ Kg5 52. Ne4+ Kf4 53. fxg4 hxg4 54.
Re1 Rh8 55. Rf1+ Ke3 56. Rf7 Rh3 57. Nf2 Rh5 58. Nxg4+ Kd2 59. Nf6 Rg5+ 60. Kh3
Rg1 61. Ne4+ Ke3 62. Ng3 Rd1 63. Rf3+ Kd2 64. Bb3 Rb1 65. Be6 Re1 66. Bd5 Rd1
67. Kg4 Kc2 68. Be4+ Kb3 69. Bg6 d5 70. Bf7 Kb2 71. Nf5 e4 72. Rh3 Rd3 73. Ne7
e3 74. Nxd5 e2 75. Nf4 Rxh3 76. Kxh3 e1=Q 77. Nd3+ Kxc3 78. Nxe1 Kxb4 79. Kg4
Kc3 80. Ng2 b4 81. Nf4 Kd4 82. Kf5 Kc5 83. Bd5 b3 84. Ke4 Kd6 85. Nd3 Bg1 86.
Ne5 Bh2 87. Nd3 Bg1 88. Ne5 Bh2 89. Nf3 b2 90. Ba2 Bg3 91. Nd4 Bf2 92. Nc2 Kxc6
93. Nb4+ Kd6 94. Nd3 b1=Q 95. Bxb1 Bb6 96. Ba2 Ba7 97. Bc4 Bb6 98. Bb3 Ba7 99.
Ne5 Bb6 100. Nf7+ Kc5 101. Ng5 Kd6 102. Ba2 Ba7 103. Kf5 Kc5 104. Ne6+ Kd6 105.
Ng5 Kc5 106. Ke6 Bb6 107. Ne4+ Kd4 108. Nf6 Kc5 109. Ne4+ Kd4 110. Bd5 Ke3 111.
Bc6 Kd4 112. Nf6 Kc5 113. Kd7 Kd4 114. Nd5 Ke5 115. Nb4 Bc5 116. Nd3+ Kd4 117.
Nf4 Bd6 118. Ne6+ Ke5 119. Bg2 Kf5 120. Bh3+ Ke5 121. Kc6 Ke4 122. Bg4 Ke5 123.
Nxc7 Kf4 1/2-1/2

[Event "Global Chess League 2023"]
[Site "Dubai UAE"]
[Date "2023.06.23"]
[Round "2.4"]
[White "Koneru, Humpy"]
[Black "Tan, Zhongyi"]
[Result "0-1"]
[WhiteTitle "GM"]
[BlackTitle "GM"]
[WhiteElo "2567"]
[BlackElo "2523"]
[WhiteTeam "Upgrad mumba masters"]
[BlackTeam "Balan Alaskan knights"]
[WhiteFideId "5008123"]
[BlackFideId "8603642"]
[EventDate "2023.06.22"]

1. d4 Nf6 2. c4 e6 3. Nc3 Bb4 4. e3 O-O 5. Bd3 d5 6. cxd5 exd5 7. a3 Bd6 8. Qc2
c6 9. Nge2 Re8 10. O-O Nbd7 11. Bd2 Nf8 12. f3 c5 13. Rad1 Ne6 14. Be1 cxd4 15.
exd4 Qc7 16. Kh1 Nf4 0-1

[Event "Global Chess League 2023"]
[Site "Dubai UAE"]
[Date "2023.06.23"]
[Round "2.5"]
[White "Dronavalli, Harika"]
[Black "Batsiashvili, Nino"]
[Result "1-0"]
[WhiteTitle "GM"]
[BlackTitle "GM"]
[WhiteElo "2510"]
[BlackElo "2470"]
[WhiteTeam "Upgrad mumba masters"]
[BlackTeam "Balan Alaskan knights"]
[WhiteFideId "5015197"]
[BlackFideId "13602993"]
[EventDate "2023.06.22"]

1. Nf3 d5 2. g3 Nf6 3. Bg2 c5 4. O-O h6 5. c4 d4 6. b4 a5 7. bxc5 Nc6 8. e3 d3
9. Bb2 Bg4 10. h3 Bxf3 11. Bxf3 e6 12. Nc3 Bxc5 13. Ne4 Be7 14. Rb1 Qd7 15. Bc3
a4 16. Rb5 Nxe4 17. Bxe4 f5 18. Qh5+ Kd8 19. Bg2 Bd6 20. Rfb1 Rb8 21. Qg6 Kc8
22. Qxg7 Qxg7 23. Bxg7 Rh7 24. Bc3 Rc7 25. c5 Bf8 26. Bxc6 Rxc6 27. Be5 Ra8 28.
Bd4 Ra7 29. f4 h5 30. Kf2 Be7 31. Kf3 a3 32. R1b3 Bd8 33. Rxd3 Ra5 34. Rdb3 Rxb5
35. Rxb5 Ra6 36. Be5 Ba5 37. Ke2 Bd8 38. Rb3 Ra7 39. d4 Ra6 40. e4 fxe4 41. Ke3
Ra4 42. Kxe4 Ba5 43. g4 hxg4 44. hxg4 Bb4 45. g5 Bxc5 46. g6 Bf8 47. g7 Bxg7 48.
Bxg7 Kc7 49. Bf8 Ra8 50. Bxa3 Kc6 51. Ke5 b5 52. Kxe6 Re8+ 53. Be7 1-0

[Event "Global Chess League 2023"]
[Site "Dubai UAE"]
[Date "2023.06.23"]
[Round "2.6"]
[White "Sindarov, Javokhir"]
[Black "Sadhwani, Raunak"]
[Result "0-1"]
[WhiteTitle "GM"]
[BlackTitle "GM"]
[WhiteElo "2646"]
[BlackElo "2603"]
[WhiteTeam "Upgrad mumba masters"]
[BlackTeam "Balan Alaskan knights"]
[WhiteFideId "14205483"]
[BlackFideId "35093487"]
[EventDate "2023.06.22"]

1. e4 c5 2. Nc3 Nc6 3. Nge2 e6 4. g3 d5 5. exd5 exd5 6. Bg2 d4 7. Nd5 Nge7 8.
Nef4 Nxd5 9. Nxd5 Bd6 10. O-O Be6 11. d3 O-O 12. Qh5 Qd7 13. h3 Nb4 14. Nxb4
cxb4 15. Bd2 Rac8 16. Rfc1 b6 17. Kh2 a5 18. Qh4 Rc5 19. a3 bxa3 20. Rxa3 g6 21.
Bg5 f6 22. Bxf6 Rh5 23. Qxd4 Bxh3 24. f4 Bxa3 25. bxa3 Bxg2+ 0-1